الأب الروحي. في لهيب الليل. القتلة. لعبة اللصوص / (Record no. 42158)
[ view plain ]
| 000 -LEADER | |
|---|---|
| fixed length control field | 00741nam a22002177a 4500 |
| 005 - DATE AND TIME OF LATEST TRANSACTION | |
| control field | 20251108170515.0 |
| 008 - FIXED-LENGTH DATA ELEMENTS--GENERAL INFORMATION | |
| fixed length control field | 250721s1991 xx 000 0 ara d |
| 082 14 - DEWEY DECIMAL CLASSIFICATION NUMBER | |
| Classification number | ط/ق |
| 100 1# - MAIN ENTRY--PERSONAL NAME | |
| Personal name | قاسم، محمود |
| Relator term | Tran. |
| 245 10 - TITLE STATEMENT | |
| Title | الأب الروحي. في لهيب الليل. القتلة. لعبة اللصوص / |
| 264 1# - PRODUCTION, PUBLICATION, DISTRIBUTION, MANUFACTURE, AND COPYRIGHT NOTICE | |
| Place of production, publication, distribution, manufacture | القاهره : |
| Name of producer, publisher, distributor, manufacturer | نهضة مصر، |
| Date of production, publication, distribution, manufacture, or copyright notice | 1991. |
| 300 ## - PHYSICAL DESCRIPTION | |
| Extent | 127ص. |
| 490 0# - SERIES STATEMENT | |
| Series statement | أجمل حكايات الدنيا : الحكايات البوليسية |
| Volume/sequential designation | 5 |
| 653 ## - INDEX TERM--UNCONTROLLED | |
| Uncontrolled term | (سنة 14-10) ناشئون صغار |
| 653 ## - INDEX TERM--UNCONTROLLED | |
| Uncontrolled term | القصص المترجمة |
| 700 1# - ADDED ENTRY--PERSONAL NAME | |
| Personal name | بوزو، ماريو |
| 700 1# - ADDED ENTRY--PERSONAL NAME | |
| Personal name | بول، جون |
| 700 1# - ADDED ENTRY--PERSONAL NAME | |
| Personal name | هيمنجواي، آرنست |
| 942 ## - ADDED ENTRY ELEMENTS (KOHA) | |
| Source of classification or shelving scheme | Dewey Decimal Classification |
| Koha item type | Books |
| حالة السحب | حالة الفقدان | مصدر التصنيف | حالة التلف | غير قابل للإعارة | المكتبة الرئيسية | المكتبة الحالية | موقع الرف | تاريخ التزويد | الرقم المتسلسل | Total Checkouts | رقم الإستدعاء | تاريخ آخر ظهور | تاريخ الفاتورة | نوع المادة (كوها) | الباركود |
|---|---|---|---|---|---|---|---|---|---|---|---|---|---|---|---|
| Dewey Decimal Classification | مكتبة أم المؤمنين للأطفال | مكتبة أم المؤمنين للأطفال | الأطفال | 28/07/2025 | 350636 | ط/ق | 28/07/2025 | 28/07/2025 | Books | 350636 | |||||
| Dewey Decimal Classification | Unchecked | مكتبة الأميرة ايمان العامة | مكتبة الأميرة ايمان العامة | الأطفال | 06/07/2004 | 127 | ط/ق | 28/07/2025 | 06/07/2004 | Books | |||||
| Dewey Decimal Classification | Unchecked | مكتبة الجويدة | مكتبة الجويدة | الأطفال | 06/07/2004 | 350643 | ط/ق | 28/07/2025 | 06/07/2004 | Books | |||||
| Dewey Decimal Classification | مكتبة الحسن العامة | مكتبة الحسن العامة | الأطفال | 06/07/2004 | 350647 | ط/ق | 28/07/2025 | 06/07/2004 | Books | 350647 | |||||
| Dewey Decimal Classification | Unchecked | مكتبة صويلح العامة | مكتبة صويلح العامة | الأطفال | 06/07/2004 | 350649 | ط/ق | 28/07/2025 | 06/07/2004 | Books | |||||
| Dewey Decimal Classification | Unchecked | مكتبة صويلح العامة | مكتبة صويلح العامة | الأطفال | 06/07/2004 | 5636 | ط/ق | 28/07/2025 | 06/07/2004 | Books | |||||
| Dewey Decimal Classification | Unchecked | مكتبة وادي السير العامة | مكتبة وادي السير العامة | الأطفال | 06/07/2004 | 350641 | ط/ق | 28/07/2025 | 06/07/2004 | Books |